| 000 | 00707nam a2200241 u 4500 | ||
|---|---|---|---|
| 999 |
_c63591 _d63591 |
||
| 001 | 63591 | ||
| 003 | Mx-PuUPA | ||
| 005 | 20190708135341.0 | ||
| 008 | 150924s2009 xx r 000 0 spa d | ||
| 020 | _a9682317533 | ||
| 040 | _cMx-PuUPA | ||
| 082 |
_a335.5 _bDEN |
||
| 100 | 1 |
_aDenitch, Bogdan _eautor |
|
| 245 | 1 | 0 |
_aMás allá del rojo y el verde : _btiene futuro el socialismo? / _cTraducción Lorenzo Aldrete Bernal. |
| 250 | _aPrimera edición | ||
| 264 | 1 |
_aMéxico : _bSiglo Veintiuno, _c1991 |
|
| 300 |
_a261 páginas ; _c23 cm. |
||
| 336 |
_atexto _2rdacontent |
||
| 337 |
_asin mediación _2rdamedia |
||
| 338 |
_avolumen _2rdacarrier |
||
| 650 | 4 |
_aSocialismo _xDemocracia |
|
| 942 |
_2ddc _cLI |
||